banner-ar

ابو حيان التوحيدى : راية فى الاعجاز واثرة فى الادب والنقد / (Record no. 44500)

MARC details
000 -الفاتح
حقل البيانات ثابتة الطول 00596nam a2200181Ia 4500
008 - عناصر البيانات ثابتة الطول - معلومات عامة
حقل البيانات ثابتة الطول 140319s9999 xx 000 0 ara d
040 ## - مصدر الفهرسة
وكالة الفهرسة الأصلية GCL /
وكالة النسخ GCL
082 04 - رقم تصنيف ديوى العشرى
رقم التصنيف 819
رقم المادة م ا
100 1# - المدخل الرئيسى - إسم شخصى
الإسم الشخصى محمد عبدالغنى الشيخ
245 10 - بيان العنوان
العنوان ابو حيان التوحيدى : راية فى الاعجاز واثرة فى الادب والنقد /
بيان المسئوليه,etc محمد عبدالغنى الشيخ
300 ## - الوصف المادى
التعداد متعدد
490 ## - بيان السلسلة
عنوان السلسلة
650 04 - المدخل الاضافى بالموضوع-مصطلح موضوعى
مصطلح موضوعي الادب العربى
650 04 - المدخل الاضافى بالموضوع-مصطلح موضوعى
مصطلح موضوعي البلاغة العربية
650 04 - المدخل الاضافى بالموضوع-مصطلح موضوعى
مصطلح موضوعي ابو حيان التوحيدى
942 ## - عناصر المدخل الإضافي( كوها)
مصدر التصنيف او مخطط الترفيف Dewey Decimal Classification
Koha [default] item type كتاب
Holdings
حالة التراجع حالة الفقد حالة تلف ليس للاعارة المكان المؤقت الموقع الحالى تاريخ الاكتساب اجمالي اﻻعارات رقم الطلب الباركود تاريخ اخر مشاهدة تاريخ تفعيل السعر نوع وعاء كوها
        مكتبة القاهرة الكبرى مكتبة القاهرة الكبرى 03/26/2014   819\م ا 108566 03/26/2014 03/26/2014 كتاب
        مكتبة القاهرة الكبرى مكتبة القاهرة الكبرى 03/26/2014   819\م ا 108567 03/26/2014 03/26/2014 كتاب

Powered By

EGPV